<?xml version="1.0" encoding="UTF-8"?>
<collection xmlns="http://www.loc.gov/MARC21/slim">
  <record>
    <leader>00000nam  2200000   4500</leader>
    <controlfield tag="001">INLIS000000000014705</controlfield>
    <controlfield tag="005">20221008034624</controlfield>
    <datafield tag="035" ind1="#" ind2="#">
      <subfield code="a">0010-1022000028</subfield>
    </datafield>
    <controlfield tag="001">INLIS000000000014703</controlfield>
    <controlfield tag="005">20221008033545</controlfield>
    <datafield tag="035" ind1="#" ind2="#">
      <subfield code="a">0010-1022000027</subfield>
    </datafield>
    <datafield tag="035" ind1="#" ind2="#">
      <subfield code="a">0010-1022000026</subfield>
    </datafield>
    <datafield tag="245" ind1="1" ind2="#">
      <subfield code="a">Penyusunan Pedoman Integrasi Tri Dharma Perguruan Tinggi Program Studi Farmasi Universitas Lambung Mangkurat /</subfield>
      <subfield code="c">Deni Setiawan, M.Clin.Pharm., Apt</subfield>
    </datafield>
    <datafield tag="100" ind1=" " ind2="#">
      <subfield code="a">SETIAWAN, Deni</subfield>
    </datafield>
    <datafield tag="300" ind1="#" ind2="#">
      <subfield code="a">xiii, 48 halaman ; lampiran :</subfield>
      <subfield code="b">ilustrasi ;</subfield>
      <subfield code="c">30 cm</subfield>
    </datafield>
    <datafield tag="260" ind1="#" ind2="#">
      <subfield code="a">Samarinda :</subfield>
      <subfield code="b">Puslatbang KDOD,</subfield>
      <subfield code="c">2022</subfield>
    </datafield>
    <datafield tag="084" ind1="#" ind2="#">
      <subfield code="a">LATSAR 891 2022</subfield>
    </datafield>
    <datafield tag="650" ind1="#" ind2="4">
      <subfield code="a">Pelatihan Dasar</subfield>
    </datafield>
    <datafield tag="650" ind1="#" ind2="4">
      <subfield code="a">Laporan Aktualisasi</subfield>
    </datafield>
    <datafield tag="650" ind1="#" ind2="4">
      <subfield code="a">Prajabatan</subfield>
    </datafield>
    <datafield tag="650" ind1="#" ind2="4">
      <subfield code="a">manajemen administrasi</subfield>
    </datafield>
    <datafield tag="650" ind1="#" ind2="4">
      <subfield code="a">inovasi pendidikan</subfield>
    </datafield>
    <datafield tag="650" ind1="#" ind2="4">
      <subfield code="a">teknologi informasi</subfield>
    </datafield>
    <datafield tag="650" ind1="#" ind2="4">
      <subfield code="a">media informasi</subfield>
    </datafield>
    <datafield tag="650" ind1="#" ind2="4">
      <subfield code="a">pedoman SOP</subfield>
    </datafield>
    <datafield tag="650" ind1="#" ind2="4">
      <subfield code="a">perguruan tinggi</subfield>
    </datafield>
    <datafield tag="520" ind1="#" ind2="#">
      <subfield code="a">Laporan Aktualisasi Pelatihan Dasar ini menjelaskan masalah belum adanya pedoman integrasi Tri Dharma Perguruan Tinggi Program Studi Farmasi, sehingga dibuat 4 kegiatan berdasarkan nilai BerAKHLAK (Berorientasi pelayanan, Akuntabel, Kompeten, Harmonis, Loyal, Adaptif, Kolaboratif), yaitu : menyusun ouline rancangan pedoman tridharma, menyusun isi draf dokumen pedoman tridharma, membuat video pedoman integrasi tridharma, dan mempublikasikan dan menyosialisasikan pedoman integrasi tridharma. Kegiatan ini dilaksanakan dari tanggal 6 Juni 2022-13 Agustus 2022.</subfield>
    </datafield>
    <datafield tag="500" ind1="#" ind2="#">
      <subfield code="a">Coach : Ika Retna Ningrum,S.Pd.,M.PP&#13;
Penguji : Ahmad Zaini, SE., ME&#13;
Mentor : Dr.Arnida,M.Si.,Apt</subfield>
    </datafield>
    <controlfield tag="008">221008################|##########|#|##</controlfield>
    <datafield tag="250" ind1="#" ind2="#">
      <subfield code="a">1</subfield>
    </datafield>
    <datafield tag="990" ind1="#" ind2="#">
      <subfield code="a">LATSAR/891/2022</subfield>
    </datafield>
  </record>
</collection>
